Statistics for Canadian Provinces and Territories Flag Quiz

Click here to take the quiz!

General Stats

  • This quiz has been taken 795 times
  • The average score is 10 of 13

Answer Stats

FlagProvince / Territory% Correct
Quebec
92%
British Columbia
90%
Alberta
87%
Manitoba
82%
Nunavut
82%
Nova Scotia
80%
Ontario
80%
Newfoundland and Labrador
78%
Prince Edward Island
76%
Yukon
76%
Saskatchewan
75%
New Brunswick
74%
Northwest Territories
70%

Score Distribution

Percentile by Number Answered

Percent of People with Each Score

Your Score History

You have not taken this quiz